000 00557nam a2200193Ia 4500
999 _c11287
_d11287
003 OSt
005 20191216112020.0
008 190216s9999||||xx |||||||||||||| ||und||
020 _a9781107686441
040 _coclc
082 _a338.5024658
_bMCK/M
100 _aMckenzie, Richard B
_9475
245 0 _aMicroeconomics For MBAs /
_cRichard B Mckenzie
250 _a2nd ed.
260 _bCambridge Uty Press,
_c2011.
_aNoida:
300 _a536p
650 _aEconomics
942 _cBK
_2ddc
_h338.5024658
_iMCK/M
_k338.5024658
_mMCK/M